THE SUFFERING OF WOMEN WHO DIDN'T FIT MADNESS IN BRITAIN 1450-1950 (Record no. 9481)
[ view plain ]
| 000 -LEADER | |
|---|---|
| fixed length control field | 00412nam a22001577a 4500 |
| 003 - CONTROL NUMBER IDENTIFIER | |
| control field | OSt |
| 005 - DATE AND TIME OF LATEST TRANSACTION | |
| control field | 20260430173526.0 |
| 008 - FIXED-LENGTH DATA ELEMENTS--GENERAL INFORMATION | |
| fixed length control field | 260430b |||||||| |||| 00| 0 eng d |
| 020 ## - INTERNATIONAL STANDARD BOOK NUMBER | |
| International Standard Book Number | 1526751534 |
| 040 ## - CATALOGING SOURCE | |
| Transcribing agency | IRDP |
| 082 ## - DEWEY DECIMAL CLASSIFICATION NUMBER | |
| Classification number | 305.409 41 VAU |
| 100 ## - MAIN ENTRY--PERSONAL NAME | |
| Personal name | VAUGHAN, D.J. |
| 245 ## - TITLE STATEMENT | |
| Title | THE SUFFERING OF WOMEN WHO DIDN'T FIT MADNESS IN BRITAIN 1450-1950 |
| 260 ## - PUBLICATION, DISTRIBUTION, ETC. (IMPRINT) | |
| Place of publication, distribution, etc. | USA; |
| Name of publisher, distributor, etc. | PEN & SWORD, |
| Date of publication, distribution, etc. | 2018. |
| 942 ## - ADDED ENTRY ELEMENTS (KOHA) | |
| Source of classification or shelving scheme | Dewey Decimal Classification |
| Koha item type | BOOKS |
| Withdrawn status | Lost status | Source of classification or shelving scheme | Damaged status | Not for loan | Home library | Current library | Shelving location | Date acquired | Total Checkouts | Full call number | Barcode | Date last seen | Price effective from | Koha item type |
|---|---|---|---|---|---|---|---|---|---|---|---|---|---|---|
| Dewey Decimal Classification | Dodoma | Dodoma | Ground Floor | 30/04/2026 | 305.409 41 VAU | LIB001989 | 30/04/2026 | 30/04/2026 | BOOKS |
